[Event "Championnat de France - Open D"]
[Site "Pau"]
[Date "2008.08.21"]
[Round "9.8"]
[White "Laudat, Philippe"]
[Black "Barta, Ismael"]
[Result "0-1"]
[WhiteElo "1457"]
[BlackElo "1399"]
[PlyCount "122"]

1. d4 d5 2. Bf4 c5 3. c3 Bf5 4. e3 Nd7 5. Bd3 Bxd3 6. Qxd3 e6 7. Nf3 Qb6 8. Qc2
Ngf6 9. Nbd2 Be7 10. O-O Nh5 11. Bg3 Nxg3 12. fxg3 Nf6 13. e4 cxd4 14. cxd4 O-O
15. e5 Nd7 16. Nb3 Rac8 17. Qd1 Rc7 18. Rc1 Rfc8 19. Rxc7 Rxc7 20. Kh1 f6 21.
Qe2 fxe5 22. Nxe5 Nf6 23. Qf2 Bd6 24. Nc5 Bxc5 25. dxc5 Qxc5 26. Qf4 Qd6 27.
Qd4 b6 28. Re1 Nd7 29. h3 Nxe5 30. Rxe5 Rf7 31. Kh2 g6 32. Qc3 Rf5 33. Qc8+ Kf7
34. Re2 d4 35. Qb7+ Qe7 36. Qe4 e5 37. g4 Rf6 38. Qd5+ Kg7 39. Qxe5 Qxe5+ 40.
Rxe5 Rd6 41. Kg3 d3 42. Re1 d2 43. Rd1 Kf6 44. Kf4 g5+ 45. Ke3 Ke5 46. Rxd2
Rxd2 47. Kxd2 Kf4 48. Ke2 Ke4 49. g3 h6 50. h4 a6 51. b3 b5 52. b4 Kd4 53. Kd2
Kc4 54. Kc2 Kxb4 55. Kb2 a5 56. a3+ Kc4 57. Kc2 Kd4 58. Kd2 Ke4 59. Ke2 b4 60.
axb4 axb4 61. hxg5 hxg5 0-1

[Event "Championnat de France - Open D"]
[Site "Pau"]
[Date "2008.08.21"]
[Round "9.9"]
[White "Sanchez, Remi"]
[Black "Marquet, Didier"]
[Result "1-0"]
[WhiteElo "1400"]
[BlackElo "1486"]
[PlyCount "97"]

1. d4 d5 2. c4 c6 3. Nc3 Nf6 4. cxd5 cxd5 5. Bg5 Nc6 6. Nf3 e6 7. e4 Be7 8. e5
Ng8 9. Bf4 a6 10. Bd3 Nb4 11. a3 Nxd3+ 12. Qxd3 h6 13. O-O Bd7 14. Rfd1 Qb6 15.
Rab1 Bb5 16. Nxb5 Qxb5 17. Qxb5+ axb5 18. Rdc1 Kd7 19. Rc3 Ra6 20. Rb3 Rb6 21.
a4 b4 22. Bd2 f6 23. Ne1 fxe5 24. dxe5 h5 25. Nd3 g5 26. Rc1 Nh6 27. Bxb4 Bxb4
28. Rxb4 Rxb4 29. Nxb4 Rc8 30. Rxc8 Kxc8 31. a5 Ng4 32. Nd3 Kc7 33. h3 Nh6 34.
Nc5 Kc6 35. Nxe6 g4 36. hxg4 Nxg4 37. f4 h4 38. Ng7 d4 39. Kf1 d3 40. Ke1 Ne3
41. e6 Nxg2+ 42. Kf2 Nxf4 43. e7 h3 44. e8=Q+ Kd5 45. Qb5+ Ke4 46. Qxb7+ Nd5
47. Qd7 h2 48. Qg4+ Nf4 49. Qf5+ 1-0

[Event "Championnat de France - Open D"]
[Site "Pau"]
[Date "2008.08.21"]
[Round "9.10"]
[White "Niedzielski, Claude"]
[Black "Boualit, Teresa-Eliza"]
[Result "1-0"]
[WhiteElo "1400"]
[BlackElo "1499"]
[PlyCount "101"]

1. d4 Nf6 2. c4 d5 3. cxd5 Qxd5 4. Nc3 Qd8 5. Nf3 e6 6. Bg5 Be7 7. e3 Nd5 8.
Nxd5 exd5 9. Bxe7 Qxe7 10. Bd3 Qb4+ 11. Qd2 Nc6 12. O-O Qxd2 13. Nxd2 Be6 14.
Bb5 Bd7 15. Rfc1 a6 16. Ba4 O-O 17. Rc5 b5 18. Bb3 Rad8 19. Bxd5 Nb4 20. Bb7 c6
21. a3 Nd5 22. Bxc6 Bxc6 23. Rxc6 Ra8 24. Rac1 Ne7 25. Rc7 Rac8 26. Rxc8 Rxc8
27. Rxc8+ Nxc8 28. b4 Nd6 29. Nb3 Nc4 30. Nc5 Nxa3 31. Nxa6 f6 32. Kf1 Kf7 33.
Ke2 Ke6 34. Kd3 Kd5 35. e4+ Kc6 36. f4 Nc4 37. d5+ Kd6 38. Kd4 h5 39. Nc5 g5
40. fxg5 fxg5 41. Ne6 g4 42. Ng7 Na3 43. e5+ Ke7 44. Nxh5 Nc2+ 45. Kc5 Na3 46.
d6+ Ke6 47. Kc6 Nc4 48. Ng7+ Kf7 49. e6+ Kxg7 50. d7 Ne5+ 51. Kxb5 1-0